Statystyki dla New Password B2 - unit 5 vocabulary

Kliknij tutaj aby rozwiązać quiz!

Ogólne statystyki

  • Ten quiz został rozwiązany 100 razy
  • Średni wynik to 83 z 139

Statystyki odpowiedzi

HintsOdpowiedź% Poprawnych
arystokracjaaristocracy
95%
obywatelcitizen
93%
wybieraćelect
91%
ministerminister
91%
gabinet, Rada Ministrówcabinet
88%
koalicjacoalition
88%
konstytucjaconstitution
88%
monarchiamonarchy
88%
opozycjaopposition
86%
republikarepublic
86%
kanclerzchancellor
84%
urzędnik służby cywilnejcivil servant
84%
partiaparty
84%
politykpolitician
84%
politykapolitics
84%
prezydentpresident
84%
Partia KonserwatywnaConservatives
81%
wyboryelection
81%
polowanie na lisyfox-hunting
81%
mniejszośćminority
81%
premierprime minister
81%
referendumreferendum
79%
rodzina królewskaroyal family
79%
grzywnafine
77%
rządgovernment
77%
anonimowoanonymously
74%
wrógenemy
74%
izby parlamentuHouses of Parliament
74%
Partia PracyLabour
74%
program wyborczymanifesto
74%
polityka (gospodarcza)policy
74%
obraźliwe e-mailehate mail
72%
Partia Liberalnych DemokratówLiberal Democrats
72%
reprezentowaćrepresent
72%
Partia RepublikańskaRepublicans
72%
podatniktaxpayer
72%
kadencjaterm of office
72%
bombabomb
70%
łamać zasadybreak the rules
70%
rozprzestrzeniać się szybko w interneciego viral
70%
poseł, członek parlamentuMember of Parliament
70%
prtycjapetition
70%
zasady i nakazyrules and regulations
70%
okręg wyborczyconstituency
67%
liczyć na kogoścount on sb
67%
elektoratelectorate
67%
eksplodowaćexplode
67%
legalne używkilegal highs
67%
slumsyslums
67%
żołnierzsoldier
67%
cywilcivilian
65%
dopalaczedesigner drugs
65%
ekstremistaextremist
65%
kradzież tożsamościidentity fraud
65%
(wyższy) urzędnikofficial
65%
namiottent
65%
być wbrew prawube against the law
63%
być w stanie wojnybe at war
63%
ochroniarzbodyguard
63%
odważnybrave
63%
migrantmigrant
63%
naiwnynaive
63%
ruinyruins
63%
głosować, brać udział w wyborachvote in an election
63%
winić kogoś za cośblame sb for sth
60%
walczyćfight
60%
ojczyznahomeland
60%
niewinnyinnocent
60%
prowadzić do uzależnienialead to addiction
60%
nieskażonypure
60%
fotoradarspeed camera
60%
ustrój politycznystate system
60%
martwić się czymśworry about sth
60%
aprobować cośapprove of sth
58%
odczuwać pokusębe tempted
58%
zdradzaćbetray
58%
kosztowaćcost
58%
dowódevidence
58%
rozdzierający serceheartbreaking
58%
informowaćinform
58%
zwędzić cośnick sth
58%
karać kogoś za cośpunish sb for sth
58%
atakowaćattack
56%
obywatelstwocitizenship
56%
delegalizowaćmake illegal
56%
przestępca, sprawcaoffender
56%
uchodźcarefugee
56%
pełen przemocyviolent
56%
wchodzić w życiecome into effect
53%
pokojowypeaceful
53%
powstrzymać kogoś przed zrobieniem czegośprevent sb from doing sth
53%
protestować przeciwko czemuśprotest against sth
53%
szanować prawa człowiekarespect human rights
53%
napięcietension
53%
władzeauthorities
51%
nadążać za kimś/czymśkeep up with sb/sth
51%
przezwyciężyć problemovercome a problem
51%
okazjonalne zażywanie narkotykówrecreational drug use
51%
edukacja obywatelskacitizenship education
49%
pocieszonycomforted
49%
konflikt międzynarodowyinternational conflict
49%
zawierać pokójmake peace
49%
zniechęcać kogośput sb off
49%
bezsensownysenseless
49%
przypłacać życiemcost lives
47%
wchodzićenter
47%
praworządnylaw-abiding
47%
obóz dla uchodźcówrefugee camp
47%
próbarehearsal
47%
ratownikrescue worker
47%
wybuchaćbreak out
44%
formować rządform a government
44%
spowodować cośresult in
44%
osiąśćsettle
44%
corocznyannual
42%
odczuwać ulgębe relieved
42%
ingerowaćinterfere
42%
żałosnymiserable
42%
donosić na kogośreport sth
40%
kończyć się czymśresult in sth
40%
czyn społecznycommunity project
37%
niedorzecznyridiculous
37%
poddawać sięsurrender
37%
obowiązkowycompulsory
35%
zajmować umysłoccupy your mind
35%
giełda papierów wartościowychstock market
33%
zostać obciążonymbe charged for
30%
obradować w jakiejś sprawiedebate an issue
30%
organizować wybory powszechnehold a general election
30%
kredyt hipotecznymortgage
30%
najeżdżać krajinvade a country
28%
najeżdżać jakieś miejsceinvade a place
28%
ustanawiać prawopass a law
28%
ubiegać się o drugą kadencjęstand for re-election
26%
okupować terytoriumoccupy a territory
23%
przeznaczyć coś na kogoś/cośallow sth for sb/sth
21%
sprawować urządserve a term of office
21%
proponowana ustawaproposed legalisation
7%

Rozkład punktacji

Percentyl według liczby udzielonych odpowiedzi

Procent ludzi z każdym wynikiem

Twoja historia wyników

Nie rozwiązałeś tego quizu